Quiz o słynnych zwierzętach #1 - Statystyki

Ogólne statystyki
  • Ten quiz został rozwiązany 36 razy
  • Średni wynik to 13 z 24
Statystyki odpowiedzi
Zwierzę Rodzaj % Poprawnych
Garfield Kot
100%
Nemo Błazenek
97%
Mufasa Lew
97%
Mickey Mysz
94%
Kłapouchy Osioł
94%
Alvin Wiewiórka
94%
Lassie Pies
91%
Rudolf Renifer
85%
Yogi Niedźwiedź
82%
Dumbo Słoń
79%
Kermit Żaba
74%
Daffy Kaczka
65%
Pingu Pingwin
59%
Hedwig Sowa
53%
Flipper Delfin
35%
Charlotte Pająk
26%
Pepé Le Swąd Skunks
24%
Splinter Szczur
21%
Shadowfax Koń
12%
Yertle Żółw
9%
Marcel Małpa
6%
Koko Goryl
3%
Bullwinkle Łoś
3%
Shamu Orka
3%
Nie znaleziono quizów pasujących do podanych kryteriów
Rozkład punktacji
Procent ludzi z każdym wynikiem
Percentyl według liczby udzielonych odpowiedzi
Twoja historia wyników
Nie rozwiązałeś tego quizu